000 00305nam a22001337a 4500
008 170529b xxu||||| |||| 00| 0 eng d
020 _a9783772368134
041 _aeng
080 _a62
100 _a27
101 _aIM
245 _aSPS ERFOLGREICH ATUOMATISIEREN
_cFRIENDRICH.A
942 _2udc
_cBK
999 _c14827
_d14827